| 000 | 00635nam a2200205Ia 4500 | ||
|---|---|---|---|
| 003 | GCL | ||
| 008 | 140319s9999 xx 000 0 ara d | ||
| 040 |
_aGCL / _cGCL |
||
| 082 | 0 | 4 |
_a301.242 _bس ح |
| 100 | 1 | _aسلامة موسى | |
| 245 | 1 | 0 |
_aحرية الفكر : _bابطالها فى التاريخ ( 2 ) / _cسلامة موسى |
| 300 |
_a181 ص ؛ _c24سم |
||
| 490 |
_aمكتبة الاسرة _v0 |
||
| 650 | 0 | 4 | _aالاسلام والعلم |
| 650 | 0 | 4 | _aالتعصب |
| 650 | 0 | 4 | _aالتغير الاجتماعى |
| 650 | 0 | 4 | _aالتطور الاجتماعى |
| 650 | 0 | 4 | _aحرية التعبير |
| 942 |
_2ddc _cBK |
||
| 999 |
_c50799 _d50799 |
||